How I Met Your Mother Quotes Quiz Stats

 Plays Quiz Updated Jul 30, 2018

Support Sporcle.
Go Orange.
Score 0/25 Timer 07:00
12 Plays Today
Quote % Correct
Kids, I'm going to tell you an incredible story, the story of ___ __ ___ ____ _____..how I met your mother
96.7%
It's gonna be legen... ___ __ ___... dary!wait for it
96.2%
Haaaaave you met ___?Ted/Robin/Barney
94.9%
Okay I'm gunna give you a choice, either 10 _____ right now in a row, or 5 _____ that can be doled out at any point from here to eternity...slaps
87.9%
Suit ___!Up!
87.7%
Oh, God, what did I do!? How could you let me shave my _____head?!?
78.6%
Vomit-free since ___!'93!
78.1%
A girl is allowed to be _____ as long as she is equally hot. Thus, if she's *this* _____, she has to be *this* hot. You want the girl to be above this line.crazy
70.5%
How easy do you think it is to sneak into the ____? I need to see some penguins like, right now...zoo
70.2%
Oh, poor me. I get to order yummy pink _____ with chunks of real fruit that guys secretly like but can't order because they'll be made fun of.drinks
67.6%
I had to go all over Canada and sing this song in _____.malls
67.5%
Wait, so when you said we were going to pick someone up at the ______, you meant we were going to *pick someone up* at the ______? airport
67%
You know something, I'd take a __ in the gutter over Julia Roberts any day.P
66.2%
Quote % Correct
Dear ______, I do not like that stupid hat. I want to beat it with a bat. I want to stab it with a fork. It makes you look like such a dork. Marshall
63.6%
How come it never came up that Barney has a ___ - ______brother? gay black
61.3%
Go for _____Barney...
60.3%
I'm not a gay pirate, I have sex with my ______ all the time! ...Okay that came out wrong.parrot
57.6%
Nobody likes to ____ _ _______ at work. And if they do, they're not human!read a magazine
50.1%
_____ law! It's gonna be a thing. Lemon
47.8%
This is what I get after I worked as a _______ for four years to put you through medical school? I got breast implants for you. I... I was just about to turn on the tears.stripper
47.7%
I'm going out of this world the same way I came in. ____ ______. Open bar for the men, open casket for the ladies. What up?!Buck Naked
40.3%
You're playing ______. With a basketball... and tennis rackets? hockey
34.9%
Six cups of _________? That can't be right.mayonnaise
27.8%
Coming up next, is your ____ trying to kill you? baby
25.1%
_________ celebrates explorer Martin Frobisher's valiant but failed attempt to find a passage west.Thanksgiving
22%

You're not logged in!

Compare scores with friends on all Sporcle quizzes.
OR
Log In
Forgot?

From the Vault

Famous Movie Songs

by MovieGuru

Movies 8m
Maybe Pulp Fiction should have been a musical.
Remove Ads.
Support Sporcle.
Get the best of Sporcle when you Go Orange. This ad-free experience offers more features, more stats, and more fun while also helping to support Sporcle. Thank you for becoming a member.

Show Comments

Extras

Top Quizzes Today


Score Distribution

Your Account Isn't Verified!

In order to create a playlist on Sporcle, you need to verify the email address you used during registration. Go to your Sporcle Settings to finish the process.

Report this User

Report this user for behavior that violates our Community Guidelines.

Details: